[Event "SweCh MElit"]
[Site "Umeå, Sweden"]
[Date "2003.07.02"]
[Round "4"]
[White "Sixtensson, Mikael"]
[Black "Malmstig, Erik"]
[Result "1-0"]
[WhiteElo "2208"]
[BlackElo "2277"]
[PlyCount "105"]
[EventDate "2003.06.29"]
[SourceDate "2003.06.29"]

1. d4 Nf6 2. c4 c5 3. d5 b5 4. cxb5 a6 5. bxa6 g6 6. Nc3 Bxa6 7. Nf3 d6 8. e4
Bxf1 9. Kxf1 Bg7 10. g3 Nbd7 11. Kg2 O-O 12. Re1 Ng4 13. Nd2 Nge5 14. Qe2 Nb6
15. f4 Ned7 16. Nc4 Nxc4 17. Qxc4 Qa5 18. Re2 Rfb8 19. a3 Qa6 20. Qxa6 Rxa6 21.
Nd1 Ra4 22. Ra2 Rc4 23. Bd2 Rc2 24. Kf3 Rb3+ 25. Bc3 Rc1 26. Rd2 Nb6 27. a4 Nc4
28. Rd3 Rc2 29. a5 Bxc3 30. Rxc3 Nd2+ 31. Ke2 Rbxc3 32. Nxc3 Nxe4+ 33. Kd3 Nxc3
34. Ra1 Rxb2 35. Kxc3 Rb8 36. a6 e6 37. a7 Ra8 38. Kc4 Kf8 39. dxe6 fxe6 40.
Kb5 Ke7 41. Kc6 c4 42. Kb7 Rxa7+ 43. Rxa7 Kf6 44. Kc6 d5 45. Kc5 g5 46. Rxh7
gxf4 47. gxf4 Kf5 48. Re7 Kf6 49. Re8 Kf7 50. Ra8 Kf6 51. Kd4 Kf5 52. Ra6 Kf6
53. h4 1-0

[Event "SweCh MElit"]
[Site "Umeå, Sweden"]
[Date "2003.07.02"]
[Round "4"]
[White "Eriksson, Anders"]
[Black "Lundin, Anders"]
[Result "1/2-1/2"]
[WhiteElo "2291"]
[BlackElo "2262"]
[PlyCount "116"]
[EventDate "2003.06.29"]
[SourceDate "2003.06.29"]

1. d4 Nf6 2. Bg5 e6 3. e3 c5 4. Nd2 Be7 5. c3 b6 6. Ngf3 Bb7 7. Bd3 Nc6 8. O-O
O-O 9. Re1 cxd4 10. cxd4 Nd5 11. Bxe7 Qxe7 12. e4 Nf4 13. Bf1 d5 14. e5 Rfc8
15. g3 Ng6 16. a3 Rc7 17. Bd3 Nf8 18. Nf1 Rac8 19. h4 Na5 20. Ng5 Nc4 21. Re2
b5 22. f4 h6 23. Nf3 f5 24. exf6 Qxf6 25. N1h2 Qe7 26. Qe1 Qd6 27. Qf2 a5 28.
Rae1 b4 29. axb4 Qxb4 30. Ng4 Rb8 31. Nge5 Ba8 32. f5 exf5 33. Bxf5 Nd6 34. Bb1
Ne4 35. Qe3 Ne6 36. Kh2 Qb3 37. Qxb3 Rxb3 38. Ba2 Rb6 39. Nd3 Kf8 40. Rc1 Rxc1
41. Nxc1 Rb4 42. Rc2 Bb7 43. Ne2 Ke7 44. Kg2 Kd6 45. Nc3 Bc6 46. Nxe4+ dxe4 47.
Ne5 Nxd4 48. Nc4+ Ke7 49. Rc3 Bd5 50. Kf2 Bxc4 51. Bxc4 Rxb2+ 52. Ke3 Nc2+ 53.
Kxe4 a4 54. Bg8 a3 55. Rc7+ Kf8 56. Rc8+ Ke7 57. Rc7+ Kf8 58. Rc8+ Ke7 1/2-1/2

[Event "SweCh MElit"]
[Site "Umeå, Sweden"]
[Date "2003.07.02"]
[Round "4"]
[White "Winge, Stefan"]
[Black "Lindgren, Fredrik"]
[Result "1/2-1/2"]
[WhiteElo "2291"]
[BlackElo "2222"]
[PlyCount "124"]
[EventDate "2003.06.29"]
[SourceDate "2003.06.29"]

1. e4 c5 2. Nf3 e6 3. d4 cxd4 4. Nxd4 Nf6 5. Nc3 Nc6 6. Ndb5 Bc5 7. Nd6+ Ke7 8.
Nxc8+ Rxc8 9. Bd3 Ne5 10. O-O d5 11. exd5 Nxd5 12. Ne4 Nb4 13. Nxc5 Rxc5 14. b3
Rd5 15. Bb2 Nbxd3 16. cxd3 Nxd3 17. Ba3+ Kd7 18. Qg4 Ne5 19. Qg3 Kc8 20. Rac1+
Nc6 21. Bc5 Qg5 22. Qc3 Kb8 23. b4 a6 24. a4 Qe5 25. Qc4 Rc8 26. Rfe1 Qc7 27.
Qg4 g5 28. Qh5 Ka8 29. h3 Ne5 30. Be3 Qd7 31. Rxc8+ Qxc8 32. Rc1 Qg8 33. Qxh7
Qd8 34. Qc2 Nc6 35. Bc5 Nd4 36. Qc4 e5 37. b5 Rxc5 38. Qxc5 Ne2+ 39. Kh2 Nxc1
40. Qxc1 axb5 41. axb5 Qd4 42. Qxg5 Qxf2 43. h4 Ka7 44. h5 f6 45. Qg3 Qd2 46.
Qh4 Qh6 47. Qf2+ b6 48. Qf5 e4 49. Qd7+ Kb8 50. Qd6+ Ka7 51. Qc7+ Ka8 52. Qc8+
Ka7 53. Qa6+ Kb8 54. Qxb6+ Ka8 55. Qc6+ Kb8 56. Qd6+ Kb7 57. Qd5+ Kb6 58. Qf5
Ka5 59. Qc5 Qf4+ 60. Kh3 e3 61. h6 f5 62. h7 Qg4+ 1/2-1/2

[Event "SweCh MElit"]
[Site "Umeå, Sweden"]
[Date "2003.07.03"]
[Round "5"]
[White "Lindgren, Fredrik"]
[Black "Engström, Kaj"]
[Result "0-1"]
[WhiteElo "2222"]
[BlackElo "2255"]
[PlyCount "80"]
[EventDate "2003.06.29"]
[SourceDate "2003.06.29"]

1. e4 e5 2. Nf3 Nc6 3. Bb5 d6 4. d4 exd4 5. Nxd4 Bd7 6. O-O Be7 7. f4 Nxd4 8.
Bxd7+ Qxd7 9. Qxd4 Bf6 10. Qc4 O-O-O 11. Nc3 Qc6 12. Qxc6 Bd4+ 13. Kh1 bxc6 14.
Ne2 Bb6 15. a4 Re8 16. a5 Bc5 17. Ra4 Nf6 18. Nc3 a6 19. Rc4 Ba7 20. h3 d5 21.
exd5 cxd5 22. Ra4 Re7 23. Kh2 Rhe8 24. f5 Re1 25. Raf4 d4 26. Na4 R1e2 27. c4
Rc2 28. R4f2 Rxc4 29. b3 Rc6 30. Rd2 Re3 31. Bb2 Ne4 32. Rxd4 Bxd4 33. Bxd4
Rxb3 34. Nb2 f6 35. Re1 Nd6 36. g4 Rc2+ 37. Kg1 Rbxb2 38. Bxb2 Rxb2 39. Re7 c5
40. Rxg7 Nc4 0-1

[Event "SweCh MElit"]
[Site "Umeå, Sweden"]
[Date "2003.07.03"]
[Round "5"]
[White "Couso, Luis"]
[Black "Winge, Stefan"]
[Result "1-0"]
[WhiteElo "2332"]
[BlackElo "2291"]
[PlyCount "81"]
[EventDate "2003.06.29"]
[SourceDate "2003.06.29"]

1. e4 c5 2. Nf3 Nc6 3. d4 cxd4 4. Nxd4 Nf6 5. Nc3 e5 6. Ndb5 d6 7. Bg5 a6 8.
Na3 b5 9. Bxf6 gxf6 10. Nd5 f5 11. Bd3 Be6 12. O-O Bxd5 13. exd5 Ne7 14. c3 Qd7
15. Nc2 Bg7 16. a4 O-O 17. Nb4 e4 18. Be2 Qb7 19. axb5 axb5 20. Qd2 Rfc8 21.
Rxa8 Rxa8 22. Rd1 Rc8 23. Qg5 h6 24. Qf4 Rd8 25. g4 Be5 26. Qxh6 f4 27. Qg5+
Kf8 28. Qh6+ Kg8 29. Qg5+ Kf8 30. h4 Rc8 31. h5 Qb6 32. Bf1 f6 33. Qh6+ Ke8 34.
Re1 Kd7 35. Bh3 Rg8 36. Qh7 e3 37. fxe3 fxe3 38. Nc6 Re8 39. g5+ Kc7 40. Nxe7
e2+ 41. Kg2 1-0

[Event "SweCh MElit"]
[Site "Umeå, Sweden"]
[Date "2003.07.03"]
[Round "5"]
[White "Vernersson, Per"]
[Black "Nygren, Kim"]
[Result "1-0"]
[WhiteElo "2438"]
[BlackElo "2311"]
[PlyCount "121"]
[EventDate "2003.06.29"]
[SourceDate "2003.06.29"]

1. d4 Nf6 2. c4 g6 3. Nc3 Bg7 4. Nf3 O-O 5. g3 d6 6. Bg2 Nc6 7. O-O e5 8. d5
Ne7 9. e4 Ne8 10. Ne1 f5 11. Nd3 Nf6 12. f3 fxe4 13. fxe4 Bg4 14. Qe1 Qc8 15.
Nf2 Bd7 16. h3 Nh5 17. Kh2 Kh8 18. Bg5 Ng8 19. Qd2 h6 20. Be3 g5 21. Nd3 Ngf6
22. a4 Qd8 23. c5 Kh7 24. Bf2 Rf7 25. cxd6 cxd6 26. Nb5 Bf8 27. Nxa7 Rg7 28.
Nb5 g4 29. h4 Be7 30. Nc3 Ng8 31. Be3 Bxh4 32. gxh4 Qxh4+ 33. Kg1 g3 34. Rf3
Ngf6 35. Kf1 Ng4 36. Ke2 Nh2 37. Ne1 Bg4 38. Kd3 Nxf3 39. Nxf3 Bxf3 40. Bxf3
Nf4+ 41. Bxf4 Qxf4 42. Qxf4 exf4 43. Ne2 Rf8 44. Nd4 Rf6 45. Rc1 Kg6 46. Rh1
Kf7 47. Nf5 Rg5 48. Nxh6+ Rxh6 49. Rxh6 g2 50. Bxg2 Rxg2 51. Rxd6 Rxb2 52. e5
Ke7 53. Re6+ Kd7 54. Rf6 Rb4 55. Rf7+ Ke8 56. e6 Rxa4 57. d6 Ra3+ 58. Kd4 Ra4+
59. Ke5 Ra5+ 60. Kf6 Rd5 61. Rh7 1-0

[Event "SweCh MElit"]
[Site "Umeå, Sweden"]
[Date "2003.07.03"]
[Round "5"]
[White "Hamark, Jesper"]
[Black "Eriksson, Anders"]
[Result "0-1"]
[WhiteElo "2350"]
[BlackElo "2334"]
[PlyCount "92"]
[EventDate "2003.06.29"]
[SourceDate "2003.06.29"]

1. e4 c5 2. Nf3 e6 3. Nc3 Nc6 4. d4 cxd4 5. Nxd4 a6 6. Be2 Nge7 7. Be3 Nxd4 8.
Qxd4 b5 9. a4 Nc6 10. Qb6 b4 11. Qxd8+ Nxd8 12. Nb1 Nb7 13. Nd2 Bc5 14. Nc4
Bxe3 15. Nxe3 d6 16. a5 Nc5 17. Nc4 Ke7 18. f3 Ra7 19. Kf2 Rd8 20. Nb6 Bd7 21.
Rhd1 Bb5 22. Rd4 Bxe2 23. Kxe2 b3 24. c3 Rb7 25. Rad1 Rbb8 26. Rb4 h5 27. h4 g6
28. g3 f5 29. Ke3 e5 30. Rg1 Ke6 31. Rd1 Rb7 32. Nc4 d5 33. exd5+ Rxd5 34. Rxd5
Kxd5 35. Nb6+ Kc6 36. Nc4 f4+ 37. gxf4 exf4+ 38. Kd4 Rd7+ 39. Ke5 Nd3+ 40. Kf6
Nxb4 41. Ne5+ Kb5 42. c4+ Kxa5 43. Nxd7 Nd3 44. Kxg6 Kb4 45. Nb8 Nxb2 46. Nc6+
Kc3 0-1

[Event "SweCh MElit"]
[Site "Umeå, Sweden"]
[Date "2003.07.03"]
[Round "5"]
[White "Jonsson, Mikael"]
[Black "Sixtensson, Mikael"]
[Result "1-0"]
[WhiteElo "2314"]
[BlackElo "2257"]
[PlyCount "79"]
[EventDate "2003.06.29"]
[SourceDate "2003.06.29"]

1. e4 g6 2. d4 c5 3. d5 Bg7 4. c4 d6 5. Nc3 Nf6 6. Bf4 O-O 7. Be2 a6 8. a4 Qa5
9. Qd2 b5 10. cxb5 axb5 11. Bxb5 Ba6 12. Bxa6 Rxa6 13. Nge2 Nbd7 14. O-O Rb8
15. f3 Rb4 16. Rfb1 Nb6 17. b3 Nfd7 18. Bg5 c4 19. bxc4 Nxc4 20. Qc1 Nde5 21.
Kh1 Rab6 22. Rxb4 Rxb4 23. Rb1 Nd3 24. Qc2 Nf2+ 25. Kg1 Qc5 26. Rxb4 Nxe4+ 27.
Kh1 Nf2+ 28. Kg1 Nd3+ 29. Kh1 Nxb4 30. Qe4 h6 31. Bxe7 Nd2 32. Qf4 Bxc3 33.
Qxh6 Qxd5 34. Nxc3 Qe6 35. Qxd2 Qxe7 36. h3 Qe5 37. Ne4 Nd5 38. Qxd5 Qxd5 39.
Nf6+ Kg7 40. Nxd5 1-0

[Event "SweCh MElit"]
[Site "Umeå, Sweden"]
[Date "2003.07.03"]
[Round "5"]
[White "Lundin, Anders"]
[Black "Rygaard, Michael"]
[Result "1-0"]
[WhiteElo "2247"]
[BlackElo "2335"]
[PlyCount "51"]
[EventDate "2003.06.29"]
[SourceDate "2003.06.29"]

1. d4 d5 2. c4 c6 3. e3 Nf6 4. Nc3 a6 5. Nf3 b5 6. b3 Bg4 7. Be2 e6 8. O-O Nbd7
9. Bb2 Qb8 10. Ne5 Bxe2 11. Nxe2 Nxe5 12. dxe5 Nd7 13. cxd5 cxd5 14. Qc2 Bc5
15. e4 dxe4 16. Rad1 Qa7 17. Qxe4 O-O 18. Nd4 Nb6 19. Rd3 Rfc8 20. Rh3 h6 21.
Qg4 Kh7 22. Nf3 Nd5 23. Ng5+ Kg8 24. Rxh6 Kf8 25. Rh7 Ne7 26. Rxg7 1-0

[Event "SweCh MElit"]
[Site "Umeå, Sweden"]
[Date "2003.07.03"]
[Round "5"]
[White "Malmstig, Erik"]
[Black "Larsson, Victor"]
[Result "1-0"]
[WhiteElo "2377"]
[BlackElo "2093"]
[PlyCount "79"]
[EventDate "2003.06.29"]
[SourceDate "2003.06.29"]

1. d4 d5 2. c4 e6 3. Nc3 Be7 4. Bf4 Nf6 5. e3 O-O 6. h3 c5 7. dxc5 Bxc5 8. Nf3
Qa5 9. Nd2 Bb4 10. Rc1 Nc6 11. a3 Bxc3 12. Rxc3 e5 13. b4 Qb6 14. Bg5 d4 15.
Rc1 e4 16. c5 Qc7 17. Bf4 Qd8 18. b5 dxe3 19. fxe3 Na5 20. Be2 Nd5 21. O-O g5
22. Nxe4 gxf4 23. Qxd5 Qxd5 24. Nf6+ Kg7 25. Nxd5 fxe3 26. Rc3 a6 27. Nc7 Rb8
28. a4 Bd7 29. Rxe3 Rbc8 30. Rg3+ Kh8 31. b6 Nc6 32. Bf3 Na5 33. Rd1 Bf5 34.
Rg5 Bc2 35. Re1 f6 36. Rd5 Bb3 37. Rd6 Nc4 38. Rd3 Na5 39. Bxb7 Rcd8 40. Bxa6
1-0

[Event "SweCh MElit"]
[Site "Umeå, Sweden"]
[Date "2003.07.04"]
[Round "6"]
[White "Sixtensson, Mikael"]
[Black "Lundin, Anders"]
[Result "1/2-1/2"]
[WhiteElo "2208"]
[BlackElo "2262"]
[PlyCount "25"]
[EventDate "2003.06.29"]
[SourceDate "2003.06.29"]

1. d4 Nf6 2. c4 e6 3. Nf3 b6 4. a3 c5 5. d5 Ba6 6. Qc2 exd5 7. cxd5 g6 8. Nc3
Bg7 9. Bf4 d6 10. O-O-O O-O 11. e4 Nh5 12. Bg5 Qd7 13. Bxa6 1/2-1/2

[Event "SweCh MElit"]
[Site "Umeå, Sweden"]
[Date "2003.07.04"]
[Round "6"]
[White "Couso, Luis"]
[Black "Malmstig, Erik"]
[Result "1-0"]
[WhiteElo "2394"]
[BlackElo "2377"]
[PlyCount "75"]
[EventDate "2003.06.29"]
[SourceDate "2003.06.29"]

1. e4 c5 2. Nf3 d6 3. d4 Nf6 4. Nc3 cxd4 5. Nxd4 e6 6. Be2 Nc6 7. O-O a6 8. Be3
Be7 9. f4 Qc7 10. a4 Na5 11. f5 O-O 12. Kh1 b6 13. fxe6 fxe6 14. Qd3 Ra7 15. b4
Nc6 16. Nxc6 Qxc6 17. b5 axb5 18. Nxb5 Ra8 19. Nd4 Qxe4 20. Rxf6 Qxd3 21. Rxf8+
Kxf8 22. Bxd3 Bf6 23. Bb5 d5 24. Rf1 e5 25. Nc6 Kg8 26. Bxb6 Bb7 27. a5 Rc8 28.
Rxf6 gxf6 29. Ne7+ Kf7 30. Nxc8 Bxc8 31. Kg1 Ke6 32. c3 f5 33. Kf2 Bb7 34. g3
Kd6 35. Ke3 Ke6 36. a6 Ba8 37. Bc7 Kf6 38. Bd7 1-0

[Event "SweCh MElit"]
[Site "Umeå, Sweden"]
[Date "2003.07.04"]
[Round "6"]
[White "Larsson, Victor"]
[Black "Jonsson, Mikael"]
[Result "0-1"]
[WhiteElo "2093"]
[BlackElo "2314"]
[PlyCount "88"]
[EventDate "2003.06.29"]
[SourceDate "2003.06.29"]

1. e4 e5 2. Nf3 Nc6 3. Bb5 a6 4. Ba4 Nf6 5. Qe2 b5 6. Bb3 Be7 7. c3 O-O 8. O-O
d5 9. d3 dxe4 10. dxe4 Bd6 11. Rd1 Qe8 12. a4 Rb8 13. axb5 axb5 14. h3 Nd8 15.
Bg5 Nd7 16. Bd5 Ne6 17. Bc6 Nxg5 18. Nxg5 Qe7 19. Nf3 Nc5 20. b4 Ne6 21. Na3
Nf4 22. Qe3 Ba6 23. Nc4 Bc8 24. Nxd6 cxd6 25. Ra7 Qf6 26. Bd7 Qg6 27. Ne1 Rd8
28. Bxc8 Rbxc8 29. Kh2 h6 30. Rd2 Rc4 31. f3 Rdc8 32. Nd3 Rxc3 33. Nxf4 exf4
34. Qxf4 Rc2 35. Ra8 Rxa8 36. Rxc2 Ra4 37. Rc8+ Kh7 38. Qh4 Rxb4 39. Qd8 Qe6
40. Qh8+ Kg6 41. Qd8 Qe5+ 42. Kg1 Rb1+ 43. Kf2 Rb2+ 44. Kg1 Qg3 0-1

[Event "SweCh MElit"]
[Site "Umeå, Sweden"]
[Date "2003.07.04"]
[Round "6"]
[White "Nygren, Kim"]
[Black "Lindgren, Fredrik"]
[Result "1-0"]
[WhiteElo "2311"]
[BlackElo "2306"]
[PlyCount "66"]
[EventDate "2003.06.29"]
[SourceDate "2003.06.29"]

1. e4 c5 2. Nf3 Nc6 3. d4 cxd4 4. Nxd4 Nf6 5. Nc3 e6 6. Ndb5 Bb4 7. Bf4 Nxe4 8.
Qf3 d5 9. O-O-O Bxc3 10. Nc7+ Kf8 11. bxc3 e5 12. Nxd5 Ng5 13. Bxg5 Qxg5+ 14.
Kb1 h5 15. h3 Rb8 16. Bc4 Be6 17. Rhe1 Rh6 18. Bb3 Rd8 19. Nb4 Rxd1+ 20. Rxd1
Rf6 21. Qxc6 Kg8 22. Qe8+ Kh7 23. Bxe6 fxe6 24. f3 e4 25. fxe4 h4 26. e5 Qxe5
27. Rd4 Rh6 28. Nd3 Qa5 29. Qc8 Qb5+ 30. Rb4 Qg5 31. Qxb7 Rh5 32. Qe4+ Qf5 33.
Qxf5+ exf5 1-0

[Event "SweCh MElit"]
[Site "Umeå, Sweden"]
[Date "2003.07.04"]
[Round "6"]
[White "Eriksson, Anders"]
[Black "Vernersson, Per"]
[Result "1-0"]
[WhiteElo "2334"]
[BlackElo "2438"]
[PlyCount "91"]
[EventDate "2003.06.29"]
[SourceDate "2003.06.29"]

1. Nf3 Nf6 2. c4 c5 3. g3 b6 4. Bg2 Bb7 5. O-O e6 6. Nc3 Be7 7. Re1 O-O 8. e4
d6 9. d4 cxd4 10. Nxd4 Qc8 11. Ndb5 Rd8 12. Qe2 a6 13. Nd4 Nc6 14. Nc2 Ne5 15.
Ne3 Bf8 16. Bd2 Qc7 17. b3 Rac8 18. Rac1 Qb8 19. Nc2 h6 20. Nd4 Nfd7 21. f4 Nc6
22. Nc2 Re8 23. h4 Nf6 24. g4 g6 25. g5 hxg5 26. hxg5 Nd7 27. Ne3 Bg7 28. Ng4
f5 29. gxf6 Nxf6 30. Nxf6+ Bxf6 31. Be3 Ba8 32. f5 Ne5 33. fxe6 Bg7 34. Bh3 Bc6
35. Nd5 b5 36. Bd4 bxc4 37. Bxe5 dxe5 38. Rxc4 Bb5 39. Rxc8 Qxc8 40. Qf2 Qb7
41. Rc1 Rf8 42. Qh4 Qa7+ 43. Kh1 Re8 44. Rg1 Qd4 45. e7 Kf7 46. Qg4 1-0

[Event "SweCh MElit"]
[Site "Umeå, Sweden"]
[Date "2003.07.04"]
[Round "6"]
[White "Rygaard, Michael"]
[Black "Hamark, Jesper"]
[Result "1-0"]
[WhiteElo "2335"]
[BlackElo "2350"]
[PlyCount "107"]
[EventDate "2003.06.29"]
[SourceDate "2003.06.29"]

1. Nf3 Nf6 2. d4 e6 3. e3 c5 4. Bd3 b6 5. Nbd2 Bb7 6. O-O Be7 7. b3 d6 8. Bb2
O-O 9. c4 Nbd7 10. Qc2 h6 11. Rfd1 Qc7 12. Rac1 Rac8 13. Ne4 Rfd8 14. Ng3 cxd4
15. Nxd4 a6 16. Qe2 Nc5 17. Bb1 Nce4 18. Nf1 Qb8 19. f3 Nc5 20. e4 Re8 21. Re1
Bf8 22. Ng3 Ncd7 23. Rcd1 Ba8 24. Kh1 Rcd8 25. Rd2 Bb7 26. Qd3 d5 27. Rde2 Nc5
28. Qc2 dxe4 29. fxe4 e5 30. Nf3 Nd3 31. Rf1 Nxb2 32. Qxb2 g6 33. h3 Bg7 34.
Kh2 Re6 35. Bc2 a5 36. Rfe1 Bf8 37. a3 Bc5 38. b4 axb4 39. axb4 Bd4 40. Nxd4
Rxd4 41. Qc3 Qc7 42. Bb3 Kg7 43. c5 Rc6 44. Bd5 Nxd5 45. exd5 Rxd5 46. Rxe5
Rxe5 47. Rxe5 Rf6 48. b5 bxc5 49. Rxc5 Qf4 50. Rc4 Qd6 51. Rc7 Ba8 52. Ra7 Qd5
53. Rxa8 Qxa8 54. Qe5 1-0

[Event "SweCh MElit"]
[Site "Umeå, Sweden"]
[Date "2003.07.04"]
[Round "6"]
[White "Winge, Stefan"]
[Black "Engström, Kaj"]
[Result "1-0"]
[WhiteElo "2278"]
[BlackElo "2361"]
[PlyCount "125"]
[EventDate "2003.06.29"]
[SourceDate "2003.06.29"]

1. e4 c5 2. Nf3 e6 3. d4 cxd4 4. Nxd4 a6 5. Nc3 b5 6. Be3 Bb7 7. f3 Nf6 8. Qd2
Nc6 9. Bd3 Ne5 10. a4 b4 11. Na2 d5 12. Nxb4 dxe4 13. Be2 exf3 14. gxf3 Be7 15.
O-O O-O 16. b3 Qc7 17. Nd3 Rad8 18. Nxe5 Qxe5 19. f4 Qc7 20. Bf3 Bxf3 21. Rxf3
Ng4 22. c3 Nxe3 23. Qxe3 Bc5 24. Kg2 Qb7 25. Re1 Rd5 26. Qe4 Bxd4 27. cxd4 Qd7
28. Rd3 Rd8 29. Rc1 g6 30. Rc4 Qe7 31. b4 Qd7 32. Ra3 Qb7 33. Rb3 Qb8 34. Rbc3
Qd6 35. Kf3 Qe7 36. Ke3 Qh4 37. Qg2 Qe1+ 38. Qe2 Qg1+ 39. Qf2 Qxf2+ 40. Kxf2
Rxd4 41. Rxd4 Rxd4 42. Rb3 Rxf4+ 43. Ke3 Rh4 44. Rb2 Rc4 45. b5 axb5 46. axb5
Rc8 47. b6 Kg7 48. Kd4 Kf6 49. b7 Rb8 50. Kc5 e5 51. Kd6 e4 52. Kc7 Rh8 53.
b8=Q Rxb8 54. Rxb8 Ke5 55. Kc6 f5 56. Kc5 g5 57. Rh8 Kf4 58. Kd4 Kf3 59. Rxh7
f4 60. Rh3+ Kg2 61. Rh5 e3 62. Rxg5+ Kf2 63. Rf5 1-0

[Event "SweCh MElit"]
[Site "Umeå, Sweden"]
[Date "2003.07.06"]
[Round "7"]
[White "Jonsson, Mikael"]
[Black "Couso, Luis"]
[Result "0-1"]
[WhiteElo "2314"]
[BlackElo "2394"]
[PlyCount "81"]
[EventDate "2003.06.29"]
[SourceDate "2003.06.29"]

1. e4 e6 2. d4 d5 3. Nd2 dxe4 4. Nxe4 Bd7 5. Nf3 Bc6 6. Bd3 Nd7 7. O-O Ngf6 8.
Ned2 Be7 9. c4 O-O 10. b3 b6 11. Bb2 Bb7 12. Qe2 c5 13. Rad1 Re8 14. Ne5 cxd4
15. Bxd4 Qc7 16. Ndf3 Nxe5 17. Nxe5 Rad8 18. Qe3 h6 19. Qf4 Rf8 20. Rfe1 Nh5
21. Qg4 f5 22. Qxh5 Rxd4 23. Bc2 Rxd1 24. Qxd1 Rd8 25. Qe2 Bb4 26. Rd1 Rxd1+
27. Bxd1 Qd6 28. Kf1 Be4 29. f4 Bc5 30. Bc2 Qd4 31. Nf3 Qa1+ 32. Qd1 Bd3+ 33.
Ke1 Qc3+ 34. Qd2 Qxc2 35. Qxc2 Bxc2 36. Ne5 Be4 37. g3 Bd6 38. Nd7 Bc6 39. Ne5
Bxe5 40. fxe5 g5 41. Kd2 0-1

[Event "SweCh MElit"]
[Site "Umeå, Sweden"]
[Date "2003.07.06"]
[Round "7"]
[White "Vernersson, Per"]
[Black "Rygaard, Michael"]
[Result "1-0"]
[WhiteElo "2438"]
[BlackElo "2335"]
[PlyCount "71"]
[EventDate "2003.06.29"]
[SourceDate "2003.06.29"]

1. d4 d5 2. c4 c6 3. Nf3 Nf6 4. Nc3 g6 5. Bf4 dxc4 6. e3 b5 7. a4 Nd5 8. axb5
Nxc3 9. bxc3 cxb5 10. Be5 f6 11. Bxb8 Rxb8 12. Rxa7 Qb6 13. Ra1 Bg7 14. Be2 O-O
15. O-O Bb7 16. Nd2 f5 17. Bf3 Bc8 18. Rb1 Qc7 19. Be2 Kh8 20. f4 e6 21. Nf3
Rb6 22. Ne5 Bb7 23. Bf3 Bd5 24. Rf2 Rfb8 25. Ra2 Bf8 26. Bxd5 exd5 27. Qf3 Rd8
28. Ra5 Qb7 29. Rba1 Qc7 30. Rb1 Qb7 31. Rba1 Qc7 32. Ra8 Rb7 33. Nf7+ Qxf7 34.
Rxd8 Rd7 35. Rb8 b4 36. Raa8 1-0

[Event "SweCh MElit"]
[Site "Umeå, Sweden"]
[Date "2003.07.06"]
[Round "7"]
[White "Hamark, Jesper"]
[Black "Sixtensson, Mikael"]
[Result "1-0"]
[WhiteElo "2350"]
[BlackElo "2257"]
[PlyCount "43"]
[EventDate "2003.06.29"]
[SourceDate "2003.06.29"]

1. c4 c5 2. Nf3 Nf6 3. Nc3 Nc6 4. d4 cxd4 5. Nxd4 g6 6. g3 Bg7 7. Bg2 O-O 8.
O-O Nxd4 9. Qxd4 d6 10. Qd3 Qa5 11. h3 Bf5 12. e4 Be6 13. Bd2 Rfc8 14. b3 Qc5
15. Rac1 Nd7 16. Qe2 Rab8 17. Kh2 Qa3 18. f4 Nb6 19. f5 Nxc4 20. fxe6 Nxd2 21.
exf7+ Kf8 22. Qxd2 1-0

[Event "SweCh MElit"]
[Site "Umeå, Sweden"]
[Date "2003.07.06"]
[Round "7"]
[White "Lindgren, Fredrik"]
[Black "Eriksson, Anders"]
[Result "1-0"]
[WhiteElo "2306"]
[BlackElo "2334"]
[PlyCount "83"]
[EventDate "2003.06.29"]
[SourceDate "2003.06.29"]

1. e4 c6 2. d4 d5 3. exd5 cxd5 4. Bd3 Nc6 5. c3 Nf6 6. Nf3 Bg4 7. O-O e6 8. Re1
Bd6 9. Nbd2 Bh5 10. Nf1 Bg6 11. Bg5 O-O 12. Ne5 Bxd3 13. Qxd3 Be7 14. Re2 Nxe5
15. dxe5 Ne4 16. Bxe7 Qxe7 17. c4 Nc5 18. Qd4 Rfd8 19. Ng3 b6 20. Qg4 dxc4 21.
Nh5 Qf8 22. Qxc4 Rac8 23. Re3 Nd7 24. Qg4 g6 25. h4 Qh6 26. Ng3 Nc5 27. Rc1 Nb7
28. Rxc8 Rxc8 29. Ne4 Nd8 30. Nf6+ Kg7 31. Qd4 Rc1+ 32. Kh2 Nc6 33. Qe4 Rc5 34.
f4 Ne7 35. g3 Nd5 36. b4 Rb5 37. Rc3 Nxf6 38. exf6+ Kxf6 39. Qd4+ e5 40. Qd8+
Kg7 41. Rc8 Qh5 42. Qh8+ 1-0

[Event "SweCh MElit"]
[Site "Umeå, Sweden"]
[Date "2003.07.06"]
[Round "7"]
[White "Malmstig, Erik"]
[Black "Winge, Stefan"]
[Result "1-0"]
[WhiteElo "2377"]
[BlackElo "2278"]
[PlyCount "91"]
[EventDate "2003.06.29"]
[SourceDate "2003.06.29"]

1. d4 Nf6 2. Nf3 g6 3. g3 Bg7 4. Bg2 d5 5. c4 dxc4 6. Qa4+ Nfd7 7. Qxc4 Nb6 8.
Qc2 Nc6 9. O-O Bg4 10. e3 Qc8 11. Rd1 O-O 12. Nc3 Rd8 13. a3 a5 14. Re1 a4 15.
Bd2 h6 16. Ne2 Na5 17. Bxa5 Rxa5 18. Rac1 c6 19. Nf4 g5 20. Nd3 Nd7 21. Nd2 Qa8
22. Nc4 Ra7 23. Nb4 Bf8 24. d5 c5 25. Nd3 Qb8 26. e4 Bh5 27. Ne3 b6 28. Nf5 Bg6
29. f4 Bxf5 30. exf5 Nf6 31. fxg5 Nxd5 32. Qc4 Qd6 33. g6 Bg7 34. gxf7+ Kf8 35.
Re6 Qd7 36. Qh4 Nf6 37. Ne5 Qd4+ 38. Qxd4 Rxd4 39. Nc6 Rb7 40. Nxd4 cxd4 41.
Bxb7 Kxf7 42. Bg2 Ng4 43. Rxb6 d3 44. Bf3 Bd4+ 45. Kh1 Bxb6 46. Bxg4 1-0

[Event "SweCh MElit"]
[Site "Umeå, Sweden"]
[Date "2003.07.06"]
[Round "7"]
[White "Lundin, Anders"]
[Black "Larsson, Victor"]
[Result "1/2-1/2"]
[WhiteElo "2247"]
[BlackElo "2093"]
[PlyCount "67"]
[EventDate "2003.06.29"]
[SourceDate "2003.06.29"]

1. d4 d5 2. c4 e6 3. Nc3 Be7 4. Nf3 Nf6 5. Bg5 O-O 6. e3 h6 7. Bh4 b6 8. Be2
Bb7 9. Bxf6 Bxf6 10. cxd5 exd5 11. O-O c6 12. Qb3 Qe7 13. Rad1 Na6 14. Rfe1
Rfd8 15. Bd3 Nc7 16. e4 dxe4 17. Nxe4 Bxd4 18. Bc4 c5 19. Neg5 Qf6 20. Nxf7 Rf8
21. Nd6+ Kh8 22. Nxb7 Qc6 23. Nxd4 cxd4 24. Rxd4 Qxb7 25. Qg3 Rae8 26. Rxe8
Nxe8 27. h3 Nf6 28. Qg6 Qe7 29. Rf4 Qe5 30. g3 Rc8 31. Kh2 Qxb2 32. Bd3 Kg8 33.
Qf5 Re8 34. Bc4+ 1/2-1/2

[Event "SweCh MElit"]
[Site "Umeå, Sweden"]
[Date "2003.07.06"]
[Round "7"]
[White "Engström, Kaj"]
[Black "Nygren, Kim"]
[Result "1-0"]
[WhiteElo "2361"]
[BlackElo "2311"]
[PlyCount "116"]
[EventDate "2003.06.29"]
[SourceDate "2003.06.29"]

1. e4 c5 2. Nf3 Nc6 3. Bb5 d6 4. O-O Bg4 5. h3 Bxf3 6. Bxc6+ bxc6 7. Qxf3 e5 8.
Na3 Nf6 9. Nc4 Be7 10. d3 O-O 11. Bd2 Qd7 12. Rae1 Qe6 13. b3 Rac8 14. a4 g6
15. Bh6 Rfe8 16. g4 Bf8 17. Bg5 Nd7 18. Qg3 f6 19. Bc1 d5 20. Nb2 Bd6 21. Nd1
c4 22. bxc4 dxc4 23. dxc4 Qxc4 24. Nb2 Qe6 25. Rd1 Nc5 26. Qe3 Bf8 27. Rd2 Rb8
28. f3 Qa2 29. Nd3 Nxd3 30. Qxd3 Qxa4 31. Qc3 Qb5 32. Kg2 Qc5 33. Qa1 Bh6 34.
Qa2+ Kh8 35. Rd7 Bf8 36. Ba3 Qa5 37. Qf7 Re7 38. Qxf6+ Kg8 39. Bxe7 Qd2+ 40.
Rf2 Qxd7 41. Bxf8 Rxf8 42. Qxe5 Qf7 43. Qc3 Qe6 44. Qb3 Qxb3 45. cxb3 Kg7 46.
Rc2 Rc8 47. f4 Kf6 48. Kf3 Ke6 49. h4 Rc7 50. Rc3 Kd6 51. e5+ Kd5 52. Rd3+ Ke6
53. Ke4 a5 54. f5+ Ke7 55. f6+ Kf7 56. Rd6 a4 57. bxa4 c5 58. g5 c4 1-0

[Event "SweCh MElit"]
[Site "Umeå, Sweden"]
[Date "2003.07.07"]
[Round "8"]
[White "Sixtensson, Mikael"]
[Black "Vernersson, Per"]
[Result "0-1"]
[WhiteElo "2257"]
[BlackElo "2438"]
[PlyCount "52"]
[EventDate "2003.06.29"]
[SourceDate "2003.06.29"]

1. d4 d5 2. Nf3 Nf6 3. c4 dxc4 4. Bf4 c6 5. a4 b5 6. Ne5 Bb7 7. b3 cxb3 8. axb5
b2 9. Ra2 cxb5 10. e4 a6 11. f3 e6 12. Rxb2 Be7 13. Be2 O-O 14. O-O Nc6 15.
Nxc6 Bxc6 16. Be3 Qd7 17. Qb3 Rfc8 18. Rd1 b4 19. Qd3 Bb5 20. Qd2 a5 21. g4 a4
22. g5 Ne8 23. d5 exd5 24. Qxd5 Qxd5 25. Rxd5 Bxe2 26. Rxe2 a3 0-1

[Event "SweCh MElit"]
[Site "Umeå, Sweden"]
[Date "2003.07.07"]
[Round "8"]
[White "Rygaard, Michael"]
[Black "Lindgren, Fredrik"]
[Result "0-1"]
[WhiteElo "2335"]
[BlackElo "2306"]
[PlyCount "46"]
[EventDate "2003.06.29"]
[SourceDate "2003.06.29"]

1. d4 d5 2. Nf3 Nf6 3. e3 g6 4. Be2 c5 5. O-O Nbd7 6. b3 Bg7 7. c4 O-O 8. Bb2
cxd4 9. Bxd4 dxc4 10. Bxc4 Qa5 11. Bc3 Qc7 12. Qc1 Qb8 13. Qb2 b5 14. Be2 Bb7
15. Nbd2 a6 16. Rfd1 Re8 17. Ne5 Nd5 18. Nxd7 Nxc3 19. Qxc3 Bxc3 20. Nxb8 Bxa1
21. Nxa6 Bxa6 22. Rxa1 Red8 23. Ne4 b4 0-1